Um jacaré no rio (Record no. 178638)

MARC details
000 -LÍDER
campo de controle de tamanho fixo 00361 a2200169 4500
001 - NÚMERO DE CONTROLE
campo de controle 178638
020 ## - ISBN - INTERNATIONAL STANDARD BOOK NUMBER
ISBN - International Standard Book Number 85-322-0739-1
040 ## - FONTE DA CATALOGAÇÃO
Instituição que transcreveu o registro Magnum
100 ## - ENTRADA PRINCIPAL--NOME PESSOAL
Nome pessoal Amadei, Maria Helena
240 10 - TÍTULO UNIFORME
Título uniforme Um jacaré no rio
Idioma da obra por
245 10 - TÍTULO
Título Um jacaré no rio
300 ## - DESCRIÇÃO FÍSICA
Extensão 24
362 0# - DATAS DE PUBLICAÇÃO E/OU DESIGNAÇÃO SEQUENCIAL
Datas de publicação e/ou designação sequencial 1992
440 #1 - DECLARAÇÃO DE SÉRIE/ENTRADA ADICIONADA--TÍTULO
Título FTD
697 ## - ENTRADA DE ASSUNTO LOCAL--ENTIDADE COLETIVA (RLIN)
Nome corporativo ou nome da jurisdição LITERATURA INFANTO-JUVENIL
942 ## - ELEMENTOS DE ENTRADA ADICIONADOS (KOHA)
Tipo de material Koha Livros
Holdings
Situação do descarte Situação das perdas Situação física Não pode ser emprestado Biblioteca de origem Biblioteca atual Data de aquisição Total de empréstimos Número de chamada completo Código de barras Data de último acesso Data do preço efetivo Tipo de material Koha Fonte da classificação ou esquema de arquivamento na estante Nota pública
        Magnum Magnum 08/06/2024   869.2.678 MAG00028203 08/06/2024 08/06/2024 Livros    
        Magnum Magnum 08/06/2024   869.2.678 MAG00028204 08/06/2024 08/06/2024 Livros    
        Novo Tempo - Aureliano São José Novo Tempo - Aureliano São José 10/07/2024     if1134 10/07/2024 10/07/2024 Livros Classificação Decimal de Dewey U
        Novo Tempo - Aureliano São José Novo Tempo - Aureliano São José 10/07/2024     if1145 10/07/2024 10/07/2024 Livros Classificação Decimal de Dewey U
        Novo Tempo - Aureliano São José Novo Tempo - Aureliano São José 10/07/2024     if1168 10/07/2024 10/07/2024 Livros Classificação Decimal de Dewey U